<?xml version="1.0" encoding="UTF-8"?>
<collection xmlns="http://www.loc.gov/MARC21/slim">
 <record>
  <leader>01620nam a22002777a 4500</leader>
  <controlfield tag="001">AAL6951</controlfield>
  <controlfield tag="003">BD-DhAAL</controlfield>
  <controlfield tag="005">20160224151822.0</controlfield>
  <controlfield tag="008">160224m20021989ii ||||| |||| 00| 0 ben d</controlfield>
  <datafield tag="040" ind1=" " ind2=" ">
   <subfield code="a">BD-DhAAL</subfield>
   <subfield code="c">BD-DhAAL</subfield>
  </datafield>
  <datafield tag="082" ind1=" " ind2=" ">
   <subfield code="a">823.91409</subfield>
  </datafield>
  <datafield tag="100" ind1=" " ind2=" ">
   <subfield code="a">হেলি, আলেক্স </subfield>
   <subfield code="9">18149</subfield>
  </datafield>
  <datafield tag="245" ind1=" " ind2=" ">
   <subfield code="a">শিকড়ের সন্ধানে /</subfield>
   <subfield code="c">আলেক্স হেলি, অনুবাদ গীতা সেন</subfield>
  </datafield>
  <datafield tag="260" ind1=" " ind2=" ">
   <subfield code="a">কলকাতা :</subfield>
   <subfield code="b">প্যাপিরাস, </subfield>
   <subfield code="c">২০০২</subfield>
  </datafield>
  <datafield tag="300" ind1=" " ind2=" ">
   <subfield code="a">২৩৯ পৃ. ;</subfield>
   <subfield code="c">২২ সে.মি.</subfield>
  </datafield>
  <datafield tag="541" ind1=" " ind2=" ">
   <subfield code="e">6951</subfield>
  </datafield>
  <datafield tag="600" ind1=" " ind2=" ">
   <subfield code="a">Hosena, Mohāmmada, </subfield>
   <subfield code="x">Criticism and interpretation</subfield>
   <subfield code="y">1901-1960 </subfield>
   <subfield code="9">18150</subfield>
  </datafield>
  <datafield tag="700" ind1=" " ind2=" ">
   <subfield code="a">সেন, গীতা </subfield>
   <subfield code="9">18151</subfield>
  </datafield>
  <datafield tag="852" ind1=" " ind2=" ">
   <subfield code="a">Savar Campus Library</subfield>
   <subfield code="c"> General Stacks</subfield>
  </datafield>
  <datafield tag="942" ind1=" " ind2=" ">
   <subfield code="2">ddc</subfield>
   <subfield code="c">BK</subfield>
  </datafield>
  <datafield tag="999" ind1=" " ind2=" ">
   <subfield code="c">36926</subfield>
   <subfield code="d">36926</subfield>
  </datafield>
  <datafield tag="952" ind1=" " ind2=" ">
   <subfield code="0">0</subfield>
   <subfield code="1">0</subfield>
   <subfield code="2">ddc</subfield>
   <subfield code="4">0</subfield>
   <subfield code="6">823_914090000000000_HEL</subfield>
   <subfield code="7">0</subfield>
   <subfield code="9">58146</subfield>
   <subfield code="a">SCL</subfield>
   <subfield code="b">SCL</subfield>
   <subfield code="c">GEN</subfield>
   <subfield code="d">2016-02-24</subfield>
   <subfield code="g">150.00</subfield>
   <subfield code="l">0</subfield>
   <subfield code="o">823.91409 HEL</subfield>
   <subfield code="p">3020006951</subfield>
   <subfield code="r">2016-02-24</subfield>
   <subfield code="t">1</subfield>
   <subfield code="w">2016-02-24</subfield>
   <subfield code="y">BK</subfield>
  </datafield>
  <datafield tag="952" ind1=" " ind2=" ">
   <subfield code="0">0</subfield>
   <subfield code="1">0</subfield>
   <subfield code="2">ddc</subfield>
   <subfield code="4">0</subfield>
   <subfield code="6">823_914090000000000_HEL</subfield>
   <subfield code="7">0</subfield>
   <subfield code="9">58147</subfield>
   <subfield code="a">SCL</subfield>
   <subfield code="b">SCL</subfield>
   <subfield code="c">GEN</subfield>
   <subfield code="d">2016-02-24</subfield>
   <subfield code="g">150.00</subfield>
   <subfield code="l">0</subfield>
   <subfield code="o">823.91409 HEL</subfield>
   <subfield code="p">3020006953</subfield>
   <subfield code="r">2016-02-24</subfield>
   <subfield code="t">2</subfield>
   <subfield code="w">2016-02-24</subfield>
   <subfield code="y">BK</subfield>
  </datafield>
  <datafield tag="952" ind1=" " ind2=" ">
   <subfield code="0">0</subfield>
   <subfield code="1">0</subfield>
   <subfield code="2">ddc</subfield>
   <subfield code="4">0</subfield>
   <subfield code="6">823_914090000000000_HEL</subfield>
   <subfield code="7">0</subfield>
   <subfield code="9">58148</subfield>
   <subfield code="a">SCL</subfield>
   <subfield code="b">SCL</subfield>
   <subfield code="c">GEN</subfield>
   <subfield code="d">2016-02-24</subfield>
   <subfield code="g">150.00</subfield>
   <subfield code="l">2</subfield>
   <subfield code="o">823.91409 HEL</subfield>
   <subfield code="p">3020006950</subfield>
   <subfield code="r">2019-05-23</subfield>
   <subfield code="s">2019-05-20</subfield>
   <subfield code="t">3</subfield>
   <subfield code="w">2016-02-24</subfield>
   <subfield code="y">BK</subfield>
  </datafield>
  <datafield tag="952" ind1=" " ind2=" ">
   <subfield code="0">0</subfield>
   <subfield code="1">0</subfield>
   <subfield code="2">ddc</subfield>
   <subfield code="4">0</subfield>
   <subfield code="6">823_914090000000000_HEL</subfield>
   <subfield code="7">0</subfield>
   <subfield code="9">58149</subfield>
   <subfield code="a">SCL</subfield>
   <subfield code="b">SCL</subfield>
   <subfield code="c">GEN</subfield>
   <subfield code="d">2016-02-24</subfield>
   <subfield code="g">150.00</subfield>
   <subfield code="l">0</subfield>
   <subfield code="o">823.91409 HEL</subfield>
   <subfield code="p">3020006949</subfield>
   <subfield code="r">2016-02-24</subfield>
   <subfield code="t">4</subfield>
   <subfield code="w">2016-02-24</subfield>
   <subfield code="y">BK</subfield>
  </datafield>
  <datafield tag="952" ind1=" " ind2=" ">
   <subfield code="0">0</subfield>
   <subfield code="1">0</subfield>
   <subfield code="2">ddc</subfield>
   <subfield code="4">0</subfield>
   <subfield code="6">823_914090000000000_HEL</subfield>
   <subfield code="7">0</subfield>
   <subfield code="9">58338</subfield>
   <subfield code="a">SCL</subfield>
   <subfield code="b">SCL</subfield>
   <subfield code="c">GEN</subfield>
   <subfield code="d">2016-03-12</subfield>
   <subfield code="g">150.00</subfield>
   <subfield code="l">0</subfield>
   <subfield code="o">823.91409 HEL</subfield>
   <subfield code="p">3020006952</subfield>
   <subfield code="r">2020-01-27</subfield>
   <subfield code="t">5</subfield>
   <subfield code="w">2016-03-12</subfield>
   <subfield code="y">BK</subfield>
  </datafield>
 </record>
</collection>
